Score 0/20 Timer 03:00
1 Play Today
% Correct
Sushi
97.7%
Crêpe
96.1%
Yorkshire Pudding
95.3%
Pad Thai
95.2%
Peking Duck
92.3%
Pho
89.7%
Paella
88.6%
Gyro
86%
Currywurst
83.9%
Tostadas
83.6%
% Correct
Couscous
80.3%
Poutine
77.3%
Masala Dosa
75.6%
Colcannon
54.7%
Ackee and Saltfish
52.7%
Hákarl
51.1%
Khorkhog
41.5%
Pupusa
41.4%
Bobotie
35.6%
Injera
32.6%
Remove Ads.
Support Sporcle.
Get the best of Sporcle when you Go Orange. This ad-free experience offers more features, more stats, and more fun while also helping to support Sporcle. Thank you for becoming a member.

You're not logged in!

Compare scores with friends on all Sporcle quizzes.
OR
Log In

Sporcle TV

Today on Sporcle TV


Watch our educational content, quiz creation guides, and fun videos on Sporcle TV.

Show Comments

Extras

Top Quizzes Today


Score Distribution

Paid Content

Your Account Isn't Verified!

In order to create a playlist on Sporcle, you need to verify the email address you used during registration. Go to your Sporcle Settings to finish the process.

Report this User

Report this user for behavior that violates our Community Guidelines.

Details: